000 00223 a2200097 4500
001 24828
100 _aKummeiely
245 _aEgypt: the land between sand and Nile
260 _a
_bMcNally Co
_c1962
090 _c16778
_d16778
942 _aNUST-CAE
_cM
_c7533
999 _c259901
_d259901